000 00392nam a2200145Ia 4500
008 230711s9999||||xx |||||||||||||| ||und||
041 _aENG
082 _a624
_bHO-S
100 _aHojo,Nobumasa
245 0 _aStructure of Silk Yarn: Biological and Physical Aspects
250 _a2nd . Ed.
260 _c2001
_aNew Delhi
_bOxford University Press
650 _aTextile Engineering
942 _cBK
999 _c3895
_d3895